| 000 | 01411nam a22002057a 4500 | ||
|---|---|---|---|
| 999 |
_c64159 _d64159 |
||
| 003 | Ge_BSU | ||
| 005 | 20260422151056.0 | ||
| 008 | 260422s1966 ge ||||| |||| 00| 0 geo d | ||
| 041 | _ageo | ||
| 080 | _a338.45(479.22)(09) : 331.101.386 ჩ-95 | ||
| 100 |
_aჩხარტიშვილი, სანდრო _925595 |
||
| 245 |
_aშრომის სოციალისტური ფორმების განვითარება საქართველოს სსრ მრეწველობაში (1946-1958) / _cსანდრო ჩხარტიშვილი; ივ. ჯავახიშვილის სახ. ისტორიის, არქეოლოგიისა და ეთნოგრაფიის ინ-ტი. |
||
| 264 |
_aთბილისი : _bმეცნიერება, _c1966. |
||
| 300 |
_a143 გვ. ; _b22 სმ. |
||
| 504 | _aბიბლიოგრაფია ტექსტის შენიშვნებში. | ||
| 653 | _aსაქართველოს მრეწველობა. | ||
| 653 | _aშრომის სოციალისტური ფორმები | ||
| 710 |
_aივ. ჯავახიშვილის სახ. ისტორიის, არქეოლოგიისა და ეთნოგრაფიის ინ-ტი. _927355 |
||
| 942 |
_2udc _cᲬᲘᲒᲜᲘ |
||